000 01348nam a22002897a 4500
005 20090409113643.0
008 090305t xxu||||| |||| 00| 0 hin d
010 _aHIN-91047
020 _a9788183614016
_c250.00
035 _aHN-63393
037 _bDBAD / PUB
040 _aDPL
_bHN
082 _a821
100 _924400
_aगौड़, बी.एल.
245 _aलोकतंत्र में खोया लोकतंत्र /
_cबी.एल.गौड़
246 _aLoktantra mein Khoya Loktantra
_bby B.L. Gaur
260 _aनई दिल्ली
_bराधाकृष्ण प्रकाशन
_c2010
270 _a7/31, अंसारी रोड, दरियागंज
_bनई दिल्ली
_e110002
_minfo@radhakrishanprakashan.com
300 _a192पृ
_c22सेमी (सजिल्द)
650 _924401
650 _924405
650 _9788
700 _924404
942 _adpl
_cHN
_2ddc
_mगौड़बी
999 _c48709
_d48709